000 00305nam a22001337a 4500
008 180301b xxu||||| |||| 00| 0 eng d
020 _a9780766815605
041 _aeng
080 _a574
100 _a9
101 _aMJE
245 _aFloriculture designing& merchandising
_cGriner,Ch
942 _2udc
_cBK
999 _c43844
_d43844